Brawl Stars: Biodome Skins by Picture - Statistics

General Stats
  • This quiz has been taken 51 times
    12 since last reset
  • The average score is 9 of 12
Answer Stats
Picture Answer % Correct
Doctor Edgar
91%
Strawberry Lily
91%
Firefly Rico
82%
Mr. Dragonfruit
82%
Wasp Bo
82%
Beetle Meg
73%
Corrupted Sprout
73%
Mantis Rosa
73%
Mr. Fly
73%
Rosie Charlie
64%
Spiky Eve
64%
Ivy Belle
55%
No matching quizzes found
Score Distribution
Percent of People with Each Score
Percentile by Number Answered
Your Score History
You have not taken this quiz since the last reset